| 000 | 01642 am a2200553 a 4500 | ||
|---|---|---|---|
| 005 | 20240419103528.0 | ||
| 008 | 100707r20012004ag a f |||| 001 0 spa d | ||
| 020 | _a9506550301 | ||
| 041 | _aspa | ||
| 092 |
_c616 _l13 _sCOS |
||
| 100 | 1 |
_aCossio, Pedro Ramón. _eDir. _91068 |
|
| 245 |
_aSemiología Médica Fisiopatológica / _cPedro Ramón Cossio |
||
| 250 | _a7a ed. reimp. | ||
| 260 |
_aBuenos Aires: _bCTM; _c2001. |
||
| 300 |
_a1072 p. _bil. |
||
| 500 | _aCossio, P. R., Fustinoni, J. C. y Rospide, C. A. (Dirs.). (2001). Semiología Médica Fisiopatológica. (7a ed.). Buenos Aires : CTM. | ||
| 653 | _aSemiología general | ||
| 653 | _aCabeza- Cuello- Columna | ||
| 653 | _aAparato respiratorio | ||
| 653 | _aDiafragma | ||
| 653 | _aMediastino | ||
| 653 | _aCorazón- Aorta | ||
| 653 | _aAbdomen | ||
| 653 | _aAparato digestivo | ||
| 653 | _aHigado- Vías biliares- Páncreas | ||
| 653 | _aRiñón | ||
| 653 | _aSistema nervioso | ||
| 653 | _aSistema endocrino | ||
| 653 | _aSistema hematopoyético | ||
| 653 | _aGanglios linfaticos y bazo | ||
| 653 | _aNutrición y metabolismo | ||
| 653 | _aMedio interno | ||
| 653 | _aInmunología | ||
| 653 | _aExtremidades | ||
| 653 | _aSemiología dermatológica | ||
| 653 | _aGenética | ||
| 653 | _aSemiología del senescente | ||
| 653 | _aDiagnóstico por imagenes | ||
| 653 | _aTabla de valores normales | ||
| 700 | 1 |
_aFustinoni, Juan Carlos. _eDir. _91069 |
|
| 700 | 1 |
_aRospide, César A. _eDir. _91070 |
|
| 930 | _a923 | ||
| 930 | _a924 | ||
| 930 | _a1252 | ||
| 930 | _a1253 | ||
| 930 | _a1254 | ||
| 930 | _a1255 | ||
| 942 |
_2ddc _cBK |
||
| 999 |
_c502 _d502 |
||